Letting property for profit (Record no. 103785)
[ view plain ]
| 000 -LEADER | |
|---|---|
| fixed length control field | 01212cam a2200229 4500 |
| 001 - CONTROL NUMBER | |
| control field | L127423 |
| 008 - FIXED-LENGTH DATA ELEMENTS--GENERAL INFORMATION | |
| fixed length control field | 040915n2004 000 0 eng u |
| 020 ## - INTERNATIONAL STANDARD BOOK NUMBER | |
| International Standard Book Number | 190390952X |
| 035 ## - SYSTEM CONTROL NUMBER | |
| System control number | (Sirsi) u127423 |
| 041 ## - LANGUAGE CODE | |
| Language code of text/sound track or separate title | eng |
| 050 ## - LIBRARY OF CONGRESS CALL NUMBER | |
| Classification number | 346.4104342 |
| -- | 18 |
| 100 ## - MAIN ENTRY--PERSONAL NAME | |
| Personal name | Andrews, Sean |
| 245 ## - TITLE STATEMENT | |
| Title | Letting property for profit |
| 250 ## - EDITION STATEMENT | |
| Edition statement | Rev. ed. |
| 260 ## - PUBLICATION, DISTRIBUTION, ETC. | |
| Place of publication, distribution, etc. | Brighton |
| Name of publisher, distributor, etc. | Straightforward Publishing |
| Date of publication, distribution, etc. | 2004 |
| 300 ## - PHYSICAL DESCRIPTION | |
| Extent | 139p. |
| Dimensions | 21cm. |
| 350 ## - PRICE (NR) (BK AM CF MU VM SE) [OBSOLETE] | |
| Price | 8.99 |
| 490 ## - SERIES STATEMENT | |
| Series statement | Straightforward Guides |
| 520 ## - SUMMARY, ETC. | |
| Summary, etc. | Provides a concise introduction to letting property for profit, which has been substantially revised and updated in the light of ongoing changes in law and practice in this area. Covers considerations when letting a property, returns on investment, finding a tenant, rights and obligations, different tenure types and legislation governing them, market rents and the law governing residential rents, repairing responsibilities, service charges, ending a tenancy and possession of a property through the courts and tax considerations. Appendices provide examples of agreements, notices and a household inventory. |
| 690 ## - LOCAL SUBJECT ADDED ENTRY--TOPICAL TERM (OCLC, RLIN) | |
| Topical term or geographic name as entry element | PROPERTY-RESIDENTIAL PROPERTY-RESIDENTIAL LANDLORD AND TENANT |
| 942 ## - ADDED ENTRY ELEMENTS (KOHA) | |
| Suppress in OPAC | 0 |
| Withdrawn status | Lost status | Source of classification or shelving scheme | Damaged status | Not for loan | Home library | Current library | Shelving location | Date acquired | Cost, normal purchase price | Total Checkouts | Full call number | Barcode | Date last seen | Date last checked out | Copy number | Cost, replacement price | Price effective from | Koha item type |
|---|---|---|---|---|---|---|---|---|---|---|---|---|---|---|---|---|---|---|
| Dewey Decimal Classification | London | London | Books | 17/06/2005 | 8.99 | 2 | 346.4104342 AND | 30070876 | 06/08/2019 | 16/11/2009 | 1 | 8.99 | 06/08/2019 | Book |